书目信息 |
| 题名: |
智能化浪潮
|
|
| 作者: | 张江健 著 | |
| 分册: | ||
| 出版信息: | 北京 化学工业出版社 2019重印 |
|
| 页数: | 322页 | |
| 开本: | 21cm | |
| 丛书名: | ||
| 单 册: | ||
| 中图分类: | F419 | |
| 科图分类: | ||
| 主题词: | 产业革命--chan ye ge ming--研究 | |
| 电子资源: | ||
| ISBN: | 978-7-122-29681-8 | |
| 000 | 01086cam0 2200277 45 | |
| 001 | 012001000674 | |
| 005 | 20140106145100.0 | |
| 010 | @a978-7-122-29681-8@dCNY46.00 | |
| 099 | @aCAL 012017134133 | |
| 100 | @a20170912d2017 em y0chiy50 ea | |
| 101 | 0 | @achi |
| 102 | @aCN@b110000 | |
| 105 | @aa a 000yy | |
| 106 | @ar | |
| 200 | 1 | @a智能化浪潮@Azhi neng hua lang chao@d= Intelligence revolution@e正在爆发的第四次工业革命@f张江健著@zeng |
| 210 | @a北京@c化学工业出版社@d2019重印 | |
| 215 | @a322页@d21cm | |
| 320 | @a有书目 (第319-322页) | |
| 330 | @a本书以时间为主线, 采用历史案例+未来趋势解读的形式, 全面介绍第四次工业革命涉及的各个技术领域发展趋势, 包括时下最热门的人工智能、无人驾驶、VR/AR、工业4.0、共享经济等; 深入讲解人类科技发展历史的总体趋势。 | |
| 510 | 1 | @aIntelligence revolution@zeng |
| 517 | 1 | @a正在爆发的第四次工业革命@Azheng zai bao fa de di si ci gong ye ge ming |
| 606 | 0 | @a产业革命@Achan ye ge ming@x研究 |
| 690 | @aF419@v5 | |
| 701 | 0 | @a张江健@Azhang jiang jian@4著 |
| 801 | 0 | @aCN@b北京卓展文化@c20191020 |
| 905 | @b1200807-10@dF419@e20@f4 | |
| 智能化浪潮= Intelligence revolution:正在爆发的第四次工业革命/张江健著.-北京:化学工业出版社,2019重印 |
| 322页;21cm |
| ISBN 978-7-122-29681-8:CNY46.00 |
| 本书以时间为主线, 采用历史案例+未来趋势解读的形式, 全面介绍第四次工业革命涉及的各个技术领域发展趋势, 包括时下最热门的人工智能、无人驾驶、VR/AR、工业4.0、共享经济等; 深入讲解人类科技发展历史的总体趋势。 |
| ● |
| 相关链接 |
|
|
|
|
正题名:智能化浪潮
索取号:F419/20
 
预约/预借
| 序号 | 登录号 | 条形码 | 馆藏地/架位号 | 状态 | 备注 |
| 1 | 1200807 | 212008076 | 第一样本阅览室/ [索取号:F419/20] | 在馆 | |
| 2 | 1200808 | 212008085 | 第一借阅区/ [索取号:F419/20] | 在馆 | |
| 3 | 1200809 | 212008094 | 第一借阅区/ [索取号:F419/20] | 在馆 | |
| 4 | 1200810 | 212008101 | 第一借阅区/ [索取号:F419/20] | 在馆 |